Smallest Countries that are not Island Countries - Statistics

General Stats
  • This quiz has been taken 32 times
    6 since last reset
  • The average score is 17 of 20
Answer Stats
Country % Correct
Andorra
100%
Israel
100%
Lebanon
100%
Liechtenstein
100%
Luxembourg
100%
Monaco
100%
Montenegro
100%
Qatar
100%
San Marino
100%
Vatican City
100%
Belize
75%
Brunei
75%
El Salvador
75%
Eswatini
75%
Gambia
75%
Kosovo
75%
Kuwait
75%
North Macedonia
75%
Slovenia
75%
Djibouti
50%
No matching quizzes found
Score Distribution
Percent of People with Each Score
Percentile by Number Answered
Your Score History
You have not taken this quiz since the last reset